Sports Quiz

Random Sports or Soccer Quiz

First XI: Kevin de Bruyne Quiz Stats

 Plays Quiz not verified by Sporcle

Score 0/60 Timer 10:00
2 Plays Today
Position, Nationality/Team Player Name % Correct
GK, EnglandJoe Hart
96.2%
Winger, LOSC LilleEden Hazard
95.5%
Winger, BelgiumEden Hazard
95.5%
MF, BrazilFernandinho
95.5%
Winger, EnglandRaheem Sterling
95.5%
Forward, ArgentinaSergio Agüero
95.5%
GK, Czech RepublicPetr Čech
94.9%
DF, EnglandJohn Terry
94.9%
MF, Ivory CoastYaya Touré
94.9%
DF, SerbiaBranislav Ivanović
94.3%
DF, FranceBacary Sagna
94.3%
DF, SerbiaAleksandar Kolarov
93.6%
Winger, SpainJesús Navas
93.6%
DF, EnglandGary Cahill
93%
MF/AMF, EnglandFrank Lampard
93%
DF, EnglandAshley Cole
92.4%
DF, ArgentinaNicolás Otamendi
92.4%
DF, Manchester CityVincent Kompany
90.4%
Forward, SpainFernando Torres
88.5%
AMF, BrazilOscar
87.9%
DF, FranceEliaquim Mangala
87.9%
MF, BrazilRamires
86.6%
DF, ArsenalThomas Vermaelen
83.4%
DF, AjaxJan Vertonghen
78.3%
Forward, CroatiaIvica Olić
68.2%
MF, Standard LiègeAxel Witsel
63.7%
MF, BrazilLuiz Gustavo
63.7%
DF, BrazilTiago Silva
63.1%
GK, SwitzerlandDiego Benaglio
63.1%
DF, SwitzerlandRicardo Rodríguez
61.8%
Position, Nationality/Team Player Name % Correct
DF, BrazilNaldo
56.1%
AMF, BrazilDiego
48.4%
DF, GreeceSokratis Papastathopoulos
45.9%
Forward, Standard LiègeChristian Benteke
43.3%
DF, Zenit St. PetersburgNicolas Lombaerts
42.7%
DF, Czech RepublicTheodor Gebre Selassie
35%
Winger, NetherlandsEljero Elia
32.5%
DF, AustriaSebastian Prödl
31.8%
DF, GermanyRobin Knoche
28.7%
MF, GermanyMaximilian Arnold
28%
MF, AustriaZlatko Junuzović
22.9%
DF/MF, RSC AnderlechtGuillaume Gillet
18.5%
DF/MF, GermanyChristian Träsch
17.8%
AMF, GermanyAaron Hunt
16.6%
GK, Borussia MönchengladbachLogan Bailly
15.9%
DF/MF, WolvesJelle Van Damme
15.9%
MF/DF, GermanyClemens Fritz
9.6%
Forward, GermanyNils Petersen
7%
DF/Winger, Czech RepublicDaniel Pudil
5.7%
MF, SerbiaSlobodan Medojević
5.1%
DF, South AfricaAnele Ngcongca
4.5%
DF, BrazilJoão Carlos
4.5%
MF, HungaryDániel Tőzsér
4.5%
GK, GermanySebastian Mielitz
3.8%
MF/DF, SerbiaAleksandar Ignjovski
3.8%
GK, BelgiumDavino Verhulst
3.2%
MF, BelgiumDavid Hubert
3.2%
DF, BelgiumHans Cornelis
2.5%
AMF, TunisiaFabien Camus
2.5%
Forward, BelgiumStein Huysegems
1.9%

You're not logged in!

Compare scores with friends on all Sporcle quizzes.
OR
Log In

Show Comments

Extras

Top Quizzes Today


Score Distribution

Your Account Isn't Verified!

In order to create a playlist on Sporcle, you need to verify the email address you used during registration. Go to your Sporcle Settings to finish the process.

Report this User

Report this user for behavior that violates our Community Guidelines.

Details: